Neural network based corner detection /
Saved in:
| Main Author: | |
|---|---|
| Format: | Thesis Book |
| Language: | English |
| Published: |
1994.
|
| Subjects: | |
| Tags: |
Add Tag
No Tags, Be the first to tag this record!
|
| LEADER | 00759cam a2200229 a 4500 | ||
|---|---|---|---|
| 001 | u377662 | ||
| 003 | SIRSI | ||
| 008 | 940713s1994 si v 00 1 eng m | ||
| 035 | |a ABW-7520 | ||
| 040 | |a UMM | ||
| 090 | |a QA76.87 |b Dia | ||
| 100 | 1 | 0 | |a Dias, P. G. Tamarasi. |
| 245 | 1 | 0 | |a Neural network based corner detection / |c by P.G. Tamarasi Dias. |
| 260 | |c 1994. | ||
| 300 | |a x, 141 leaves : |b ill. ; |c 30 cm. | ||
| 502 | |a Dissertation (M.Sc.) -- National University of Singapore, 1994. | ||
| 504 | |a Bibliography: leaves 123-130. | ||
| 650 | 0 | |a Neural networks (Computer science) | |
| 650 | 0 | |a Image processing. | |
| 948 | |a 24/07/1995 |b 15/08/2002 | ||
| 596 | |a 1 | ||
| 999 | |a QA76.87 DIA |w LC |c 1 |i A504952832 |d 4/2/2010 |e 4/2/2010 |l STACKS |m P01UTAMA |n 2 |r Y |s Y |t TESIS |u 25/7/1995 | ||
